The Code of civil procedure,1908 (Record no. 613043)

000 -LEADER
fixed length control field 00356nam a22001217a 4500
082 ## - DEWEY DECIMAL CLASSIFICATION NUMBER
Classification number 347.95491
Author Mark FAR
100 ## - MAIN ENTRY--PERSONAL NAME
Personal name Farooq Usman
245 ## - TITLE STATEMENT
Title The Code of civil procedure,1908
Remainder of title (Text, Commentary & Case-Law)/
Statement of responsibility, etc. Usman Farooq
260 ## - PUBLICATION, DISTRIBUTION, ETC.
Place of publication, distribution, etc. Lahore,
Name of publisher, distributor, etc. Lords Law Book House.
Date of publication, distribution, etc. 2024
300 ## - PHYSICAL DESCRIPTION
Extent 1272,p;
Dimensions 25,cm.
650 ## - SUBJECT ADDED ENTRY--TOPICAL TERM
Topical term or geographic name entry element Law
942 ## - ADDED ENTRY ELEMENTS (KOHA)
Source of classification or shelving scheme
Koha item type Book
650 ## - SUBJECT ADDED ENTRY--TOPICAL TERM
-- 35302
Holdings
Withdrawn status Lost status Source of classification or shelving scheme Damaged status Not for loan Permanent Location Current Location Date acquired Total Checkouts Full call number Barcode Date last seen Date last checked out Price effective from Koha item type Checked out Source of acquisition
          NUST Law School (NLS) NUST Law School (NLS) 02/28/2025 1 347.95491 FAR NLS-242 05/27/2025 04/11/2025 02/28/2025 Book    
          NUST Law School (NLS) NUST Law School (NLS) 02/28/2025 1 347.95491 FAR NLS-243 04/09/2025 04/09/2025 02/28/2025 Book 05/09/2025  
          NUST Law School (NLS) NUST Law School (NLS) 06/25/2025   347.95491 FAR NLS-1800 06/25/2025   06/25/2025 Book   Pakistan Law House
          NUST Law School (NLS) NUST Law School (NLS) 06/25/2025   347.95491 FAR NLS-1801 06/25/2025   06/25/2025 Book   Pakistan Law House
          NUST Law School (NLS) NUST Law School (NLS) 06/25/2025   347.95491 FAR NLS-1802 06/25/2025   06/25/2025 Book   Pakistan Law House
© 2023 Central Library, National University of Sciences and Technology. All Rights Reserved.